000 00298nam a2200121 a 4500
008 100916s1976|||| d
245 1 0 _aPutovanie do Varšavy
100 1 _aDabrowska, Maria
260 _bSlovenský spisovateľ
_aBratislava
_c1976
020 _c18
044 _axo
_cSK
041 _aslo
999 _c10368
_d10368